00865nam a2200229 450000100060000000300080000600500170001400800390003103500190007004000270008904100080011608200290012410000370015324501000019026000430029030000340033350001240036750000730049150400370056465000120060170000220061335038BD-RjUL20211209052241.0140520s1972 ii cb b 001 0 eng a(BD-RjUL)35132 aDLCcDLCdBD-RjULbeng aeng00a306.095413219bSHB 19721 aShasmal, Kartick Chandra,d1934-14aThe Bauris of West Bengal :ba socio-economic study ;cK. C. Shasmal. Foreword: P. K. Bhowmick. aCalcutta,bIndian Publications,c1972. ax, 260 p. :billus. ;c22 cm. aCover has subtitle: Report on the field investigation on the life and living of an important scheduled caste community. aOriginally presented as the author's thesis, University of Calcutta. aIncludes Bibliography and index. 0aBauris.1 aBhowmick., P. K.